All Thomas Rhett Songs - Statistics

General Stats
  • This quiz has been taken 21 times
  • The average score is 51 of 133
Answer Stats
Album Track # Answer % Correct
About A Woman 4 Beautiful As You
100%
It Goes Like This 5 It Goes Like This
100%
Life Changes 8 Life Changes
92%
Country Again (Side A) 8 Country Again
83%
Life Changes 5 Marry Me
83%
Tangled Up 7 T-Shirt
83%
About A Woman 7 Church
75%
About A Woman 3 Gone Country
75%
Center Point Road 4 Look What God Gave Her
75%
It Goes Like This 6 Make Me Wanna
75%
Where We Started 11 Slow Down Summer
75%
Tangled Up 10 Tangled
75%
Life Changes 2 Unforgettable
75%
Tangled Up 5 Vacation
75%
Center Point Road 10 Beer Can't Fix
67%
Center Point Road 5 Center Point Road
67%
Tangled Up 2 Crash and Burn
67%
Tangled Up 4 Die A Happy Man
67%
Where We Started 6 Half Of Me
67%
About A Woman 2 Overdrive
67%
About A Woman 10 Somethin' 'Bout A Woman
67%
Tangled Up (Deluxe) 14 Star Of The Show
67%
Country Again (Side A) 3 What's Your Country Song
67%
Where We Started 15 Where We Started
67%
About A Woman 6 After All The Bars Are Closed
58%
Where We Started 5 Angels
58%
About A Woman 12 Boots
58%
About A Woman 9 Country For California
58%
It Goes Like This 3 Get Me Some Of That
58%
Center Point Road 12 Remember You Young
58%
Life Changes 3 Sixteen
58%
Where We Started 13 Us Someday
58%
About A Woman 8 Back To Blue
50%
It Goes Like This 12 Beer With Jesus
50%
Center Point Road 3 Blessed
50%
Where We Started 2 Church Boots
50%
Life Changes 1 Craving You
50%
About A Woman 13 Don't Wanna Dance
50%
About A Woman 1 Fool
50%
It Goes Like This 2 Something To Do With My Hands
50%
Center Point Road 1 Up
50%
About A Woman 11 What Could Go Right
50%
Country Again (Side A) 11 Ya Heard
50%
Singles (Other) - Be A Light
42%
Country Again (Side A) 10 Blame It On A Backroad
42%
Center Point Road 2 Don't Threaten Me With A Good Time
42%
Singles (Other) - Mamaw's House
42%
Center Point Road 8 Notice
42%
Country Again (Side A) 9 Put It On Ice
42%
Life Changes 10 Sweetheart
42%
Center Point Road 6 That Old Truck
42%
Country Again (Side A) 1 Want It Again
42%
It Goes Like This 1 Whatcha Got In That Cup
42%
Country Again (Side A) 4 Where We Grew Up
42%
Center Point Road 16 Almost
33%
Center Point Road 14 Barefoot
33%
It Goes Like This 4 Call Me Up
33%
Singles (Other) - Christmas In The Country
33%
Center Point Road 13 Don't Stop Drivin'
33%
Life Changes 4 Drink A Little Beer
33%
Life Changes 13 Gateway Love
33%
Life Changes 14 Grave
33%
Country Again (Side A) 2 Growing Up
33%
About A Woman 14 I Could Spend Forever Loving You
33%
Tangled Up 12 I Feel Good
33%
Tangled Up 13 Learned It From The Radio
33%
Life Changes 6 Leave Right Now
33%
Where We Started 10 Mama's Front Door
33%
Singles (Other) - Redneck Be Like
33%
Center Point Road 9 Sand
33%
It Goes Like This 10 Sorry For Partyin'
33%
It Goes Like This 9 Take You Home
33%
Singles (Other) - Things Dads Do
33%
Center Point Road 11 Things You Do For Love
33%
Country Again (Side A) 6 To The Guys That Date My Girls
33%
Center Point Road 7 VHS
33%
Life Changes (Deluxe) 17 When We're 80
33%
Merry Christmas, Y'all EP 1 Winter Wonderland
33%
It Goes Like This 11 All-American Middle Class White Boy
25%
Tangled Up (Deluxe) 15 American Spirit
25%
Tangled Up 1 Anthem
25%
Where We Started 4 Anything Cold
25%
Tangled Up (Deluxe) 16 Background Music
25%
Where We Started 3 Bass Pro Hat
25%
Where We Started 7 Bring The Bar
25%
About A Woman 5 Can't Love You Anymore
25%
Life Changes (Deluxe) 16 Cardboard Heart
25%
Life Changes (Deluxe) 15 Country Gold
25%
Where We Started 9 Death Row
25%
Center Point Road 15 Dream You Never Had
25%
It Goes Like This 7 Front Porch Junkies
25%
Country Again (Side A) 5 Heaven Right Now
25%
It Goes Like This 8 In A Minute
25%
Merry Christmas, Y'all EP 4 It's Beginning To Look A Lot Like Christmas
25%
Life Changes 11 Kiss Me Like A Stranger
25%
Tangled Up 6 Like It's The Last Time
25%
Country Again (Side A) 7 More Time Fishin'
25%
Collaborations/Features - Nothin' Out Here (with HARDY)
25%
Where We Started 8 Paradise
25%
Tangled Up 11 Playing With Fire
25%
Collaborations/Features - Praise The Lord (with Breland)
25%
Life Changes 12 Renegades
25%
Where We Started 12 Simple As A Song
25%
Tangled Up 8 Single Girl
25%
Life Changes 7 Smooth Like The Summer
25%
Where We Started 14 Somebody Like Me
25%
Tangled Up 3 South Side
25%
Tangled Up 9 The Day You Stop Lookin' Back
25%
Where We Started 1 The Hill
25%
Life Changes 9 When You Look Like That
25%
Collaborations/Features - Broke (with Teddy Swims)
17%
Collaborations/Features - C'est La Vie (with Surfaces)
17%
Collaborations/Features - Goodbye Summer (with Danielle Bradbery)
17%
Merry Christmas, Y'all EP 3 Have Yourself A Merry Little Christmas
17%
Merry Christmas, Y'all EP 2 It's The Most Wonderful Time Of The Year
17%
Collaborations/Features - Talking To Jesus (with Brandon Lake)
17%
Singles (Other) - The Christmas Song
17%
Collaborations/Features - What Makes a Man (with Ben Rector)
17%
Songwriting - 1994 (for Jason Aldean)
8%
Songwriting - Parking Lot Party (for Lee Brice)
8%
Songwriting - Round Here (for Florida Georgia Line)
8%
Songwriting - She Had Me At Heads Carolina (for Cole Swindell)
8%
Songwriting - Stars Like Confetti (for Dustin Lynch)
8%
Collaborations/Features - Thank You Lord (with Chris Tomlin)
8%
Collaborations/Features - Dance with Me (with Diplo)
0%
Songwriting - Some People Do (for Old Dominion)
0%
Collaborations/Features - Friends Don't Let Friends (with Lady A)
0%
Collaborations/Features - God Who Listens (with Chris Tomlin)
0%
Collaborations/Features - Heroes (with Lady A)
0%
Songwriting - Ring On Every Finger (for LOCASH)
0%
Songwriting - Think A Little Less (for Michael Ray)
0%
Songwriting - Who Am I (for NEEDTOBREATHE)
0%
Songwriting - Your Bartender (for Morgan Wallen)
0%
No matching quizzes found
Score Distribution
Percent of People with Each Score
Percentile by Number Answered
Your Score History
You have not taken this quiz